000 00306nam a2200109Ia 4500
008 190216s9999||||xx |||||||||||||| ||und||
100 _aRichard M Lynch&Amp;Robert W Williamson
245 0 _aAccounting For Management
260 _bTata Mcgraw Hill Publishing Company Ltd
_c1975
300 _a440p
942 _cBK
999 _c4587
_d4587